000
00244nam a2200097Ia 4500
008
170619s9999 xx 000 0 und d
100
_a
SINGH SAROJ
245
0
_a
FUNDAMENTALS OF COMPUTER PROGAMMING IN C
260
_b
ARIHANT PRAKASHAN
260
_c
2010
546
_a
ENGLISH
999
_c
19277
_d
19277